000 00287nam a2200109Ia 4500
008 220204s9999 xx 000 0 und d
082 _a631.4'.8
_bCOM;1
245 0 _aCommercial fertilizers and soil management
260 _aBerlin
_bBergban Handel
650 _aSoil analysis
942 _cBK
999 _c19570
_d19570